000 00907nas a2200313 4500
001 BR0707413
003 BR-BrBNA
005 20231205112246.0
007 ta
008 230509b bl.|||p| |||| 00| 00por d
040 _aBR-BrBNA
_bpor
_cBiblioteca Nacional de Agricultura
041 _a(Pt)
072 _aL74
100 1 _aAleixo, G.A.S.
100 1 _aSouza, M.
100 1 _aMendes, Z.F.
100 1 _aBaraúna Junior, D.
100 1 _aLeite, J.E.B.
100 1 _aTenório, A.P.M.
100 1 _aCoelho, M.C.O.C.
245 1 _aPersistência do uraco em gato: relato de caso
650 _aGATO
650 _aAPARELHO URINARIO
650 _aUMBIGO
650 _aMALFORMAÇÃO
773 0 _tArquivo Brasileiro de Medicina Veterinária e Zootecnia (Brazil)
_xISSN 0102-0935
_g(Aug 2007), v. 59(4) p. 943-947
_wBR0707413
909 _a202311
_bLúcia
_c55
_dLúcia Elande
942 _2AGRIS
_n0
_cANA
999 _c197035
_d197035